| 000 | 00361nam a22001337a 4500 | ||
|---|---|---|---|
| 082 | _aP-237 | ||
| 100 |
_aKamran Azam _947963 |
||
| 245 | _aComputer Aided Program for the Design of Counterfort Retaining Wall | ||
| 260 |
_aMCE Risalpur _c20-05-2002 |
||
| 526 |
_a0 _b0 _c0 _dP_237 |
||
| 650 |
_aProjec _947964 |
||
| 700 |
_aMuhammad Iqbal _94316 |
||
| 942 |
_2ddc _cBK |
||
| 999 |
_c551030 _d551030 |
||